banner-ar

معجم المصطلحات المعاصرة فى العلوم الانسانية : (Record no. 64453)

MARC details
000 -الفاتح
حقل البيانات ثابتة الطول 01348nam a22002657a 4500
005 - وقت وتاريخ اخر تعامل مع التسجيلة
رقم الضبط 20240530110732.0
008 - عناصر البيانات ثابتة الطول - معلومات عامة
حقل البيانات ثابتة الطول 180514s2008 ua g b 000 0 ara d
017 ## - رقم الايداع القانونى
رقم الايداع القانونى 2447
المصدر ( الهيئة المختصة) مصر. دار الكتب
020 ## - الرقم الدولى المعيارى للكتب
الرقم الدولى المعيارى للكتاب 9770523658
040 ## - مصدر الفهرسة
وكالة الفهرسة الأصلية EG-CaGPL
وكالة النسخ EG-CaGPL
082 04 - رقم تصنيف ديوى العشرى
رقم الطبعة 21
رقم التصنيف 001.303 /
رقم المادة م/س م
100 0# - المدخل الرئيسى - إسم شخصى
الإسم الشخصى سمير جاد
245 10 - بيان العنوان
العنوان معجم المصطلحات المعاصرة فى العلوم الانسانية :
بقية العنوان الشامل بمصطلحات علم النفس والتربية وعلم الاجتماع والفلسفة ومناهج البح وعلوم البيئة والمعلوماتية = The Newly Developer Trminologies for the Humanities Information Technology and Internet /
بيان المسئوليه,etc اعداد سمير جاد
246 11 - العنوان الموازى
عنوان صحيح/عنوان مختصر The Newly Developer Trminologies for the Humanities Information Technology and Internet
260 ## - PUBLICATION, DISTRIBUTION, ETC. (IMPRINT)
تاريخ النشر أو التوزيع 2008.
300 ## - الوصف المادى
التعداد 389 ص. ؛
أبعاد الوعاء 24 سم.
504 ## - تبصرة ببليوجرافية
تبصرة ببليوجرافية,الخ يشتمل على ارجاعات ببليوجرافية
650 07 - المدخل الاضافى بالموضوع-مصطلح موضوعى
مصدر الرأس أو المصطلح qrmak
مصطلح موضوعي الاجتماع، علم
التقسيم الفرعي الشكلي معاجم
650 07 - المدخل الاضافى بالموضوع-مصطلح موضوعى
مصدر الرأس أو المصطلح qrmak
مصطلح موضوعي الفلسفة
التقسيم الفرعي الشكلي معاجم
650 07 - المدخل الاضافى بالموضوع-مصطلح موضوعى
مصدر الرأس أو المصطلح qrmak
مصطلح موضوعي المعلومات، علم
التقسيم الفرعي الشكلي معاجم
650 07 - المدخل الاضافى بالموضوع-مصطلح موضوعى
مصدر الرأس أو المصطلح qrmak
مصطلح موضوعي طرق البحث
التقسيم الفرعي الشكلي معاجم
651 ## - المدخل الاضافى بالموضوع - اسم جغرافى
مصدر الرأس أو المصطلح qrmak
942 ## - عناصر المدخل الإضافي( كوها)
مصدر التصنيف او مخطط الترفيف Dewey Decimal Classification
Koha [default] item type كتاب
260 ## - PUBLICATION, DISTRIBUTION, ETC. (IMPRINT)
-- القاهرة :
-- مكتبة الانجلو المصرية ،
Holdings
حالة التراجع حالة الفقد حالة تلف ليس للاعارة المكان المؤقت الموقع الحالى موقع الترفيف تاريخ الاكتساب اجمالي اﻻعارات رقم الطلب الباركود تاريخ اخر مشاهدة تاريخ تفعيل السعر نوع وعاء كوها
        مكتبة القاهرة الكبرى مكتبة القاهرة الكبرى القاعة الرئيسية 05/14/2018   001.303 / م/س م 164765 05/14/2018 05/14/2018 كتاب

Powered By

EGPV